R.E.M. Word Ladder Quiz Stats

 Plays Quiz not verified by Sporcle

Challenge
Share
Tweet
Embed
Score 0/57 Timer 05:00
0 Plays Today
Hint 4-Letter Word % Correct
'Man on the ___ 'MOON
85.2%
' ___ a World Away'HALF
81.5%
'The One I ___ 'LOVE
81.5%
'Radio ___ Europe'FREE
81%
Guitarist PeterBUCK
79.6%
'At My ___ Beautiful'MOST
77.8%
'Imitation of ___ 'LIFE
77.8%
CorridorHALL
75.9%
'Green ___ the Rushes'GROW
74.1%
'Walk it ___ 'BACK
74.1%
River edgeBANK
74.1%
ForeheadBROW
72.2%
' ___ on Me'FALL
72.2%
Drummer BerryBILL
72.2%
Model KateMOSS
72.2%
' ___ the Letter'E-BOW
70.4%
' ___ and Blame'BANG
70.4%
BulkMASS
70.4%
Subject to debateMOOT
70.4%
How one feels at the end of the worldFINE
70.4%
Bassist MillsMIKE
70.4%
'7 Chinese ___ 'BROS.
68.5%
Owl's cryHOOT
68.5%
CeaseHALT
68.5%
' ___ Smell Like Honey'MINE
68.5%
' ___ and Legends'MAPS
66.7%
Brazilian soccer greatPELÉ
66.7%
Tell's partnerSHOW
63%
SatiateFILL
63%
Hint 4-Letter Word % Correct
Microsoft search engineBING
61.1%
ForbidsBANS
61.1%
AnimateLIVE
61.1%
Traditional knowledgeLORE
59.3%
Small lead pelletsSHOT
57.4%
Small forestHOLT
57.4%
MassBULK
57.4%
Online how-to guideeHow
55.6%
ReceptaclesBINS
55.6%
Canadian birdLOON
55.6%
EmitGLOW
53.7%
Transverse fluteFIFE
53.7%
DefraudBILK
51.9%
ArmsMANS
51.9%
Toll roadPIKE
51.9%
Combustion remnantSOOT
50%
DesolateLORN
48.1%
AchievementFEAT
42.9%
BlackEBON
42.6%
Small Chinese dogPEKE
42.6%
SkinPELT
40.5%
BeneathALOW
38.9%
Pressed textileFELT
38.1%
ΚΔΦ, for oneFRAT
38.1%
GnawFRET
35.7%
ConfessAVOW
35.2%
Beauty manufacturerAVON
27.8%
Cameroonian languageABON
27.8%

You're not logged in!

Compare scores with friends on all Sporcle quizzes.
OR
Log In

You Might Also Like...

Show Comments

Extras

Top Quizzes Today


Score Distribution

Your Account Isn't Verified!

In order to create a playlist on Sporcle, you need to verify the email address you used during registration. Go to your Sporcle Settings to finish the process.

Report this User

Report this user for behavior that violates our Community Guidelines.

Details: